[Event "Primorsko op"]
[Site "Primorsko"]
[Date "2021.09.18"]
[Round "6"]
[White "Kostov, Galin"]
[Black "Shoshin, Kirill"]
[Result "1-0"]
[WhiteElo "2038"]
[BlackElo "2149"]
[PlyCount "105"]
[EventDate "2021.09.13"]
[EventType "swiss"]
[EventRounds "9"]
[EventCountry "BUL"]
[SourceTitle "CBM 204 Extra"]
[Source "ChessBase"]
[SourceDate "2021.11.30"]
[SourceVersion "1"]
[SourceVersionDate "2021.11.30"]
[SourceQuality "1"]

1. c4 e6 2. d4 d5 3. Nc3 Bb4 4. cxd5 exd5 5. Bf4 Nf6 6. e3 0-0 7. Bd3 c5 8. a3 Bxc3+ 9. bxc3 Qa5 10. Qd2 b6 11. Nf3 Ba6 12. 0-0 Ne4 13. Qc2 Bxd3 14. Qxd3 c4 15. Qc2 Qxc3 16. Qa4 Qd3 17. Ne5 Nc3 18. Qb4 Ne2+ 19. Kh1 Qf5 20. Bg3 Nxg3+ 21. fxg3 Qe6 22. Rae1 f6 23. e4 a5 24. Qb5 fxe5 25. Rxf8+ Kxf8 26. exd5 Qd7 27. Qxc4 Na6 28. dxe5 Nc5 29. e6 Qe7 30. d6 Qxd6 31. e7+ Qxe7 32. Rxe7 Kxe7 33. Qh4+ Kd6 34. Qf4+ Kd5 35. Qf7+ Kd4 36. Qxg7+ Kc4 37. Qxh7 Kb3 38. Qb1+ Kxa3 39. Qxb6 Nb3 40. h4 a4 41. h5 Kb2 42. Qf2+ Kb1 43. Qe1+ Kb2 44. Qe5+ Kc1 45. Qe4 Ra5 46. Qe1+ Kc2 47. Qxa5 Nxa5 48. h6 a3 49. h7 a2 50. h8Q Nb3 51. g4 a1Q+ 52. Qxa1 Nxa1 53. g5 1-0

[Event "Primorsko op"]
[Site "Primorsko"]
[Date "2021.09.17"]
[Round "5"]
[White "Ilchov, Rosen"]
[Black "Kostov, Galin"]
[Result "1/2-1/2"]
[WhiteElo "2215"]
[BlackElo "2038"]
[PlyCount "74"]
[EventDate "2021.09.13"]
[EventType "swiss"]
[EventRounds "9"]
[EventCountry "BUL"]
[SourceTitle "CBM 204 Extra"]
[Source "ChessBase"]
[SourceDate "2021.11.30"]
[SourceVersion "1"]
[SourceVersionDate "2021.11.30"]
[SourceQuality "1"]

1. d4 Nf6 2. c4 g6 3. Nc3 Bg7 4. e4 d6 5. Nf3 0-0 6. Be2 e5 7. d5 a5 8. Bg5 h6 9. Be3 Na6 10. Nd2 c6 11. 0-0 cxd5 12. cxd5 Nc5 13. a3 Bd7 14. b4 Na6 15. Nc4 axb4 16. axb4 Rc8 17. Qb3 Qe7 18. Rfc1 Nh5 19. Bxh5 gxh5 20. Nb6 Rc7 21. Nxd7 Qxd7 22. Bb6 Rcc8 23. Ra2 Bf6 24. Be3 Bg5 25. Re1 f5 26. exf5 Qxf5 27. Nd1 Qg4 28. Rb2 Rf7 29. Qd3 Rg7 30. h3 Qd7 31. Kh2 Rf8 32. Nc3 Bf4+ 33. Bxf4 Rxf4 34. Ne4 Nc7 35. b5 Ne8 36. Qe3 Rg6 37. g3 Rf8 1/2-1/2

[Event "Albena Masters op"]
[Site "Albena"]
[Date "2013.06.05"]
[Round "5"]
[White "Cvetkovic, Srdjan"]
[Black "Kostov, Galin"]
[Result "1-0"]
[WhiteElo "2387"]
[BlackElo "2170"]
[PlyCount "99"]
[EventDate "2013.06.01"]
[EventType "swiss"]
[EventRounds "9"]
[EventCountry "BUL"]
[SourceTitle "CBM 154 Extra"]
[Source "ChessBase"]
[SourceDate "2013.06.25"]
[SourceVersion "2"]
[SourceVersionDate "2013.06.25"]
[SourceQuality "1"]

1. c4 e5 2. Nc3 Nc6 3. g3 g6 4. Bg2 Bg7 5. e3 Nge7 6. d3 0-0 7. Nge2 d6 8. 0-0 f5 9. Rb1 a5 10. a3 g5 11. f4 gxf4 12. exf4 Ng6 13. Nd5 a4 14. Ne3 Nd4 15. Nxd4 exd4 16. Nc2 Re8 17. Bd2 c6 18. Kh1 Nf8 19. Ne1 Nd7 20. Nf3 Nc5 21. Qc2 Qb6 22. Rbe1 Bd7 23. Bb4 Re3 24. Rxe3 dxe3 25. Re1 Re8 26. d4 Ne4 27. c5 dxc5 28. dxc5 Qc7 29. Qxa4 Kh8 30. Kg1 Nf6 31. Ne5 Nd5 32. Bxd5 Bxe5 33. fxe5 cxd5 34. Qd1 Bc6 35. Qd4 Kg8 36. Rxe3 Re6 37. Bc3 Qf7 38. Rf3 Qh5 39. Rf2 Qg6 40. Qf4 d4 41. Qxd4 Re7 42. Qf4 Rd7 43. Rd2 Rxd2 44. Qxd2 Qg4 45. e6 h6 46. Qd8+ Kh7 47. Qh8+ Kg6 48. Qg8+ Kh5 49. Qf7+ Qg6 50. Kf2 1-0

[Event "Albena Masters op"]
[Site "Albena"]
[Date "2013.06.04"]
[Round "4"]
[White "Kostov, Galin"]
[Black "Drogovoz, Maria"]
[Result "1-0"]
[WhiteElo "2170"]
[BlackElo "1891"]
[PlyCount "33"]
[EventDate "2013.06.01"]
[EventType "swiss"]
[EventRounds "9"]
[EventCountry "BUL"]
[SourceTitle "CBM 154 Extra"]
[Source "ChessBase"]
[SourceDate "2013.06.25"]
[SourceVersion "2"]
[SourceVersionDate "2013.06.25"]
[SourceQuality "1"]

1. e4 c5 2. Nf3 d6 3. d4 cxd4 4. Nxd4 Nf6 5. Nc3 a6 6. Bc4 e6 7. Bb3 b5 8. 0-0 b4 9. Na4 Nxe4 10. f4 Be7 11. f5 e5 12. Bd5 Ra7 13. Bxe4 Bd7 14. Ne6 fxe6 15. Qh5+ Kf8 16. fxe6+ Kg8 17. Qf7# 1-0

[Event "Albena Masters op"]
[Site "Albena"]
[Date "2013.06.03"]
[Round "3"]
[White "Nakar, Eylon"]
[Black "Kostov, Galin"]
[Result "1-0"]
[WhiteElo "2390"]
[BlackElo "2170"]
[PlyCount "72"]
[EventDate "2013.06.01"]
[EventType "swiss"]
[EventRounds "9"]
[EventCountry "BUL"]
[SourceTitle "CBM 154 Extra"]
[Source "ChessBase"]
[SourceDate "2013.06.25"]
[SourceVersion "2"]
[SourceVersionDate "2013.06.25"]
[SourceQuality "1"]

1. e4 e6 2. Qe2 c5 3. Nf3 Nc6 4. c3 d5 5. d3 Nf6 6. g3 Be7 7. Bg2 0-0 8. 0-0 b6 9. e5 Nd7 10. Re1 Ba6 11. h4 b5 12. Nbd2 Rb8 13. h5 h6 14. Nf1 b4 15. c4 Nb6 16. b3 Qc7 17. N1h2 dxc4 18. dxc4 Rfd8 19. Ng4 Nd4 20. Nxd4 cxd4 21. Bf4 Nd5 22. Nxh6+ Kf8 23. Bxd5 Rxd5 24. Qe4 Rdd8 25. Qh7 Ke8 26. Qxg7 Bf8 27. Qg8 Bb7 28. Bg5 Bf3 29. Ng4 Qb7 30. Nf6+ Ke7 31. Nh7+ Kd7 32. Qxf7+ Kc8 33. Qxe6+ Kc7 34. Bxd8+ Rxd8 35. Nxf8 Bh1 36. Qe7+ Kc8 1-0

[Event "BUL-chT-B 62nd"]
[Site "Sunny Beach"]
[Date "2012.09.23"]
[Round "5.6"]
[White "Kostov, Galin"]
[Black "Iliev, Vasil"]
[Result "1-0"]
[WhiteElo "2179"]
[BlackElo "2116"]
[PlyCount "119"]
[EventDate "2012.09.19"]
[EventType "team-swiss"]
[EventRounds "7"]
[EventCountry "BUL"]
[SourceTitle "CBM 150 Extra"]
[Source "ChessBase"]
[SourceDate "2012.10.19"]
[SourceVersion "1"]
[SourceVersionDate "2012.10.19"]
[SourceQuality "1"]
[WhiteTeam "Shabla Harmoniya"]
[BlackTeam "Sofia CSKA"]
[WhiteTeamCountry "BUL"]
[BlackTeamCountry "BUL"]

1. d4 d5 2. c4 e6 3. Nc3 c5 4. cxd5 exd5 5. Nf3 Nc6 6. g3 Nf6 7. Bg2 Be7 8. 0-0 0-0 9. Bg5 Be6 10. dxc5 Bxc5 11. Bxf6 Qxf6 12. Nxd5 Qxb2 13. Nc7 Rad8 14. Qc1 Qxc1 15. Raxc1 b6 16. Nxe6 fxe6 17. e3 h6 18. Rc4 Rd6 19. Re4 Rf6 20. h4 g6 21. Nh2 Kg7 22. Bh3 Nd8 23. Ng4 Rf8 24. Ne5 Rd2 25. a4 Rf6 26. Kg2 Kh7 27. Nf3 Rd6 28. g4 Rf8 29. g5 h5 30. Rc1 Re8 31. Rc2 Nc6 32. Rd2 Rxd2 33. Nxd2 Nd8 34. Nc4 Kg7 35. Ne5 Re7 36. f4 Bd6 37. Nf3 Kf7 38. Nd4 Bb8 39. Nf3 Bd6 40. Rd4 Nb7 41. Rd1 Bc5 42. Ne5+ Kg7 43. Kf3 Nd6 44. e4 Nf7 45. Nd7 Bb4 46. Nf6 Nd6 47. e5 Nb7 48. Rd3 Kf7 49. Rd1 Rc7 50. Ne4 Ke7 51. Rd3 Nc5 52. Rd6 Nxe4 53. Rxe6+ Kf7 54. Kxe4 Rc3 55. Rf6+ Kg7 56. Be6 Rc7 57. f5 gxf5+ 58. Kxf5 Be1 59. Rg6+ Kh7 60. Rh6+ 1-0

[Event "BUL-chT-B 62nd"]
[Site "Sunny Beach"]
[Date "2012.09.21"]
[Round "3.6"]
[White "Kostov, Galin"]
[Black "Asparuhov, Parvan"]
[Result "1/2-1/2"]
[WhiteElo "2179"]
[BlackElo "2104"]
[PlyCount "74"]
[EventDate "2012.09.19"]
[EventType "team-swiss"]
[EventRounds "7"]
[EventCountry "BUL"]
[SourceTitle "CBM 150 Extra"]
[Source "ChessBase"]
[SourceDate "2012.10.19"]
[SourceVersion "1"]
[SourceVersionDate "2012.10.19"]
[SourceQuality "1"]
[WhiteTeam "Shabla Harmoniya"]
[BlackTeam "Pernik Yuriy Benderev"]
[WhiteTeamCountry "BUL"]
[BlackTeamCountry "BUL"]

1. d4 d5 2. c4 c6 3. Nf3 Nf6 4. Nc3 a6 5. c5 g6 6. Bf4 Nh5 7. Bd2 Bg7 8. Qc1 h6 9. g3 Be6 10. Bg2 Qc8 11. Na4 Nd7 12. 0-0 Nhf6 13. Ne5 Qd8 14. Nxd7 Nxd7 15. Be3 Kf8 16. Qd2 Kg8 17. Qb4 Qc8 18. Bf4 Bf5 19. f3 a5 20. Qc3 e5 21. Be3 Qe8 22. Rae1 Kh7 23. dxe5 Bxe5 24. Bd4 Bxd4+ 25. Qxd4 Qe5 26. e3 Rhe8 27. b3 Qxd4 28. exd4 Bd3 29. Rxe8 Rxe8 30. Rd1 Bf5 31. Kf2 Kg7 32. Re1 Be6 33. Re3 Kf6 34. Bf1 Ra8 35. Ke1 Bf5 36. Kd2 h5 37. Ke1 h4 1/2-1/2

[Event "Albena Intelekti op"]
[Site "Albena"]
[Date "2012.06.24"]
[Round "8"]
[White "Kostov, Galin"]
[Black "Iliev, Danail"]
[Result "1-0"]
[WhiteElo "2206"]
[BlackElo "1855"]
[PlyCount "85"]
[EventDate "2012.06.17"]
[EventType "swiss"]
[EventRounds "9"]
[EventCountry "BUL"]
[SourceTitle "EXT 2014"]
[Source "ChessBase"]
[SourceDate "2013.11.20"]
[SourceVersion "1"]
[SourceVersionDate "2013.11.20"]
[SourceQuality "1"]

1. d4 c5 2. d5 Nf6 3. Nf3 g6 4. c4 Bg7 5. Nc3 d6 6. e4 Nbd7 7. Bd3 0-0 8. 0-0 Ng4 9. h3 Nge5 10. Nxe5 Nxe5 11. Be2 f5 12. f4 Nf7 13. Bd3 Nh6 14. e5 e6 15. Be3 b6 16. Be2 dxe5 17. fxe5 Nf7 18. dxe6 Bxe6 19. Nd5 Bxd5 20. cxd5 Nxe5 21. Qd2 Qe7 22. Rfe1 Rad8 23. Rad1 Rd6 24. b3 Rfd8 25. Bc4 Nxc4 26. bxc4 Qf7 27. a4 R6d7 28. Bf2 Re8 29. a5 Rde7 30. Rxe7 Rxe7 31. axb6 axb6 32. Rb1 Re4 33. Rxb6 Rxc4 34. Rb8+ Bf8 35. d6 Qa7 36. Qd5+ Qf7 37. Qd2 Rb4 38. Rxb4 cxb4 39. d7 Be7 40. d8Q+ Bxd8 41. Qxd8+ Kg7 42. Bd4+ Kh6 43. Qh4# 1-0

[Event "Albena Intelekti op"]
[Site "Albena"]
[Date "2012.06.21"]
[Round "5"]
[White "Kostov, Galin"]
[Black "Dichev, Kalojan"]
[Result "1-0"]
[WhiteElo "2206"]
[BlackElo "1496"]
[PlyCount "53"]
[EventDate "2012.06.17"]
[EventType "swiss"]
[EventRounds "9"]
[EventCountry "BUL"]
[SourceTitle "EXT 2014"]
[Source "ChessBase"]
[SourceDate "2013.11.20"]
[SourceVersion "1"]
[SourceVersionDate "2013.11.20"]
[SourceQuality "1"]

1. c4 e5 2. Nc3 Nf6 3. g3 Nc6 4. Bg2 Bc5 5. a3 a6 6. e3 d6 7. Nge2 0-0 8. 0-0 Bf5 9. d4 exd4 10. Nxd4 Bxd4 11. exd4 Re8 12. h3 Qd7 13. Kh2 Re7 14. Bg5 Rae8 15. Nd5 Re6 16. Nxf6+ gxf6 17. d5 fxg5 18. dxe6 Rxe6 19. Qh5 Rg6 20. f4 g4 21. Rfe1 Nd4 22. Rad1 c5 23. Be4 Bxe4 24. Rxe4 f5 25. Re3 Kg7 26. Kg1 Nf3+ 27. Kf2 1-0

[Event "Albena Intelekti op"]
[Site "Albena"]
[Date "2012.06.20"]
[Round "4"]
[White "Yordanov, Lachezar"]
[Black "Kostov, Galin"]
[Result "1/2-1/2"]
[WhiteElo "1637"]
[BlackElo "2206"]
[PlyCount "69"]
[EventDate "2012.06.17"]
[EventType "swiss"]
[EventRounds "9"]
[EventCountry "BUL"]
[SourceTitle "EXT 2014"]
[Source "ChessBase"]
[SourceDate "2013.11.20"]
[SourceVersion "1"]
[SourceVersionDate "2013.11.20"]
[SourceQuality "1"]

1. d4 Nf6 2. c4 e6 3. Nc3 Bb4 4. Nf3 0-0 5. Bf4 b6 6. e3 Bb7 7. Qb3 Bxc3+ 8. Qxc3 d6 9. Bd3 Ne4 10. Qc2 f5 11. h4 Nd7 12. 0-0-0 Ndf6 13. Rhg1 Ng4 14. Ng5 Ngxf2 15. Nxe6 Qe7 16. Bxe4 Bxe4 17. Qxf2 Qxe6 18. b3 d5 19. cxd5 Qxd5 20. Kb2 Rac8 21. Rc1 c5 22. dxc5 Rxc5 23. Rgd1 Rxc1 24. Rxd5 Rb1+ 25. Ka3 Bxd5 26. Qc2 Be4 27. Qc7 h6 28. Be5 Rf7 29. Qc8+ Kh7 30. Qe6 Rb7 31. h5 b5 32. Qg6+ Kg8 33. Qe8+ Kh7 34. Qg6+ Kg8 35. Qe8+ 1/2-1/2

[Event "BUL-chT2"]
[Site "Albena"]
[Date "2011.06.05"]
[Round "5.4"]
[White "Nenkov, Ljudmil"]
[Black "Kostov, Galin"]
[Result "1-0"]
[WhiteElo "2294"]
[BlackElo "2190"]
[PlyCount "79"]
[EventDate "2011.06.02"]
[EventType "team-tourn"]
[EventRounds "9"]
[EventCountry "BUL"]
[SourceTitle "CBM 142 Extra"]
[Source "ChessBase"]
[SourceDate "2011.06.27"]
[SourceVersion "1"]
[SourceVersionDate "2011.06.27"]
[SourceQuality "1"]
[WhiteTeam "Pernik Yuriy Benderev"]
[BlackTeam "Dobrich Energiya 21"]
[WhiteTeamCountry "BUL"]
[BlackTeamCountry "BUL"]

1. Nf3 Nf6 2. g3 d5 3. Bg2 c6 4. d3 Bf5 5. b3 h6 6. Bb2 e6 7. Nbd2 Be7 8. e4 Bh7 9. Qe2 0-0 10. 0-0 a5 11. a4 Na6 12. Kh1 Nb4 13. Ne1 dxe4 14. dxe4 Qc7 15. Nc4 Nd7 16. f4 Bf6 17. e5 Be7 18. g4 Nb6 19. f5 Nxc4 20. bxc4 Rfd8 21. Nd3 Nxd3 22. cxd3 Bc5 23. Rf4 Qb6 24. Rd1 Be3 25. Rf3 Bd4 26. Bc1 Qc5 27. fxe6 fxe6 28. g5 Bf5 29. Bh3 Bxh3 30. Rxh3 Qxe5 31. Qxe5 Bxe5 32. gxh6 gxh6 33. Rxh6 Bg7 34. Rxe6 Rd7 35. Rg1 Kf7 36. Re3 Rh8 37. Rxg7+ Kxg7 38. Bb2+ Kh7 39. Rh3+ Kg6 40. Bxh8 1-0

[Event "BUL-chT2"]
[Site "Albena"]
[Date "2011.06.02"]
[Round "1.2"]
[White "Galunov, Todor"]
[Black "Kostov, Galin"]
[Result "1/2-1/2"]
[WhiteElo "2330"]
[BlackElo "2190"]
[PlyCount "40"]
[EventDate "2011.06.02"]
[EventType "team-tourn"]
[EventRounds "9"]
[EventCountry "BUL"]
[SourceTitle "CBM 142 Extra"]
[Source "ChessBase"]
[SourceDate "2011.06.27"]
[SourceVersion "1"]
[SourceVersionDate "2011.06.27"]
[SourceQuality "1"]
[WhiteTeam "Shumen 2005"]
[BlackTeam "Dobrich Energiya 21"]
[WhiteTeamCountry "BUL"]
[BlackTeamCountry "BUL"]

1. Nf3 Nf6 2. g3 e6 3. Bg2 d5 4. 0-0 Be7 5. d4 0-0 6. c4 dxc4 7. Ne5 Nc6 8. Nxc6 bxc6 9. Bxc6 Rb8 10. Nc3 Nd5 11. Qa4 Rb6 12. Qxc4 Ba6 13. Qa4 Nxc3 14. bxc3 Bxe2 15. Re1 Ra6 16. Qb3 Rb6 17. Qa4 Ra6 18. Qb3 Rb6 19. Qa4 Ra6 20. Qb3 Rb6 1/2-1/2

[Event "BUL-chT2"]
[Site "Sunny Beach"]
[Date "2009.06.10"]
[Round "3.1"]
[White "Ljangov, Petar"]
[Black "Kostov, Galin"]
[Result "1/2-1/2"]
[WhiteElo "2072"]
[BlackElo "2180"]
[PlyCount "120"]
[EventDate "2009.06.08"]
[EventType "team-swiss"]
[EventRounds "7"]
[EventCountry "BUL"]
[SourceTitle "CBM 130 Extra"]
[Source "ChessBase"]
[SourceDate "2009.07.02"]
[SourceVersion "2"]
[SourceVersionDate "2009.07.15"]
[SourceQuality "1"]

1. Nf3 d5 2. e3 Nf6 3. c4 e6 4. d4 Be7 5. Bd3 0-0 6. 0-0 dxc4 7. Bxc4 c5 8. Nc3 Nc6 9. dxc5 Bxc5 10. a3 a6 11. Qxd8 Rxd8 12. b4 Bd6 13. Bb2 b5 14. Be2 Bb7 15. Rfd1 Rac8 16. h3 Kf8 17. Kf1 Ke7 18. Rac1 Bb8 19. Rxd8 Rxd8 20. Rd1 Rxd1+ 21. Bxd1 Nd7 22. Ne2 f6 23. Bc2 h6 24. Bb3 Nde5 25. Nxe5 Nxe5 26. Nf4 Nc4 27. Bxc4 bxc4 28. Bd4 Bd6 29. Ne2 e5 30. Bb2 Ke6 31. f3 g6 32. Ke1 f5 33. Nc3 g5 34. e4 h5 35. exf5+ Kxf5 36. Kf2 g4 37. hxg4+ hxg4 38. Ne2 gxf3 39. gxf3 e4 40. Nd4+ Kf4 41. Ne2+ Kf5 42. Nd4+ Kg6 43. fxe4 Bxe4 44. Ke3 Bd5 45. Ne2 Kf5 46. Nd4+ Kg4 47. Ne2 Bf7 48. Bd4 Bg6 49. Bc5 Be5 50. Bd4 Bd6 51. Bc5 Be5 52. Bd4 Kf5 53. Bxe5 Kxe5 54. Nc3 Bc2 55. a4 Bf5 56. b5 axb5 57. axb5 Bd7 58. b6 Bc6 59. Kd2 Kd4 60. Ne2+ Kc5 1/2-1/2

[Event "BUL-chT2"]
[Site "Sunny Beach"]
[Date "2009.06.08"]
[Round "1.1"]
[White "Dimitrov, Marin"]
[Black "Kostov, Galin"]
[Result "0-1"]
[WhiteElo "2067"]
[BlackElo "2180"]
[PlyCount "119"]
[EventDate "2009.06.08"]
[EventType "team-swiss"]
[EventRounds "7"]
[EventCountry "BUL"]
[SourceTitle "CBM 130 Extra"]
[Source "ChessBase"]
[SourceDate "2009.07.02"]
[SourceVersion "2"]
[SourceVersionDate "2009.07.15"]
[SourceQuality "1"]

1. d4 d5 2. c4 e6 3. Nc3 Nf6 4. Bg5 Be7 5. Nf3 0-0 6. e3 h6 7. Bh4 b6 8. Be2 Bb7 9. 0-0 Nbd7 10. Rc1 dxc4 11. Bxc4 a6 12. Qe2 b5 13. Bb3 c5 14. Rfd1 Qb6 15. d5 c4 16. dxe6 fxe6 17. Bc2 Rad8 18. e4 e5 19. Nd5 Nxd5 20. exd5 Bxh4 21. Nxh4 e4 22. Qxe4 Nf6 23. Qg6 Bc8 24. Bf5 Kh8 25. Bxc8 Rxc8 26. Nf5 Rc7 27. d6 Rcf7 28. Re1 Ne4 29. Rxe4 Rxf5 30. h3 Rxf2 31. Kh1 R2f6 32. Qh5 Qxd6 33. Qe5 Rf1+ 34. Rxf1 Rxf1+ 35. Kh2 Qxe5+ 36. Rxe5 Rf2 37. Re8+ Kh7 38. Ra8 Rxb2 39. Rxa6 b4 40. Rc6 c3 41. a3 bxa3 42. Rxc3 a2 43. Ra3 Kg6 44. Ra5 Kf6 45. h4 g6 46. Kg3 Ke6 47. Kf3 Kd6 48. g4 Kc6 49. Ke4 Kb6 50. Ra3 Rb4+ 51. Ke5 Rb5+ 52. Kf6 Ra5 53. Rxa2 Rxa2 54. Kxg6 Rg2 55. Kxh6 Rxg4 56. h5 Kc7 57. Kh7 Kd7 58. h6 Ke7 59. Kh8 Kf6 60. h7 0-1

[Event "Zalakaros op 12th"]
[Site "Zalakaros"]
[Date "1993.??.??"]
[Round "5"]
[White "Csiszar, Csaba"]
[Black "Kostov, Galin"]
[Result "1-0"]
[WhiteElo "2200"]
[BlackElo "2230"]
[PlyCount "77"]
[EventDate "1993.??.??"]
[EventType "swiss"]
[EventRounds "9"]
[EventCountry "HUN"]
[SourceTitle "EXT 2000"]
[Source "ChessBase"]
[SourceDate "1999.11.16"]
[SourceVersion "1"]
[SourceVersionDate "1999.11.16"]
[SourceQuality "1"]

1. d4 Nf6 2. c4 g6 3. Nc3 Bg7 4. e4 d6 5. Nf3 0-0 6. Be2 e5 7. Be3 Ng4 8. Bg5 f6 9. Bh4 Nc6 10. d5 Ne7 11. Nd2 Nh6 12. f3 Nf7 13. Bf2 c5 14. Rb1 f5 15. b4 b6 16. bxc5 bxc5 17. Qa4 h5 18. Nb3 Bd7 19. Qa3 a5 20. Nb5 a4 21. Nd2 Bh6 22. Rd1 Kh8 23. Qc3 Ra6 24. h3 Ng8 25. g3 Nf6 26. exf5 gxf5 27. Nf1 h4 28. g4 Bg7 29. Bxh4 e4 30. f4 e3 31. Nxe3 Re8 32. Rd3 Re4 33. 0-0 Nh6 34. Bf3 Qf8 35. Qc2 Rxf4 36. Ng2 Re4 37. Bxe4 Nxe4 38. Rdf3 Be5 39. Qxe4 1-0

[Event "Zalakaros op 12th"]
[Site "Zalakaros"]
[Date "1993.??.??"]
[Round "9"]
[White "Grabics, Monika"]
[Black "Kostov, Galin"]
[Result "1-0"]
[WhiteElo "2185"]
[BlackElo "2230"]
[PlyCount "83"]
[EventDate "1993.??.??"]
[EventType "swiss"]
[EventRounds "9"]
[EventCountry "HUN"]
[SourceTitle "EXT 2000"]
[Source "ChessBase"]
[SourceDate "1999.11.16"]
[SourceVersion "1"]
[SourceVersionDate "1999.11.16"]
[SourceQuality "1"]

1. e4 e6 2. d4 d5 3. Nc3 Bb4 4. Nge2 dxe4 5. a3 Bxc3+ 6. Nxc3 Nc6 7. Bb5 Nge7 8. Nxe4 0-0 9. Be3 e5 10. dxe5 Bf5 11. Ng3 Qxd1+ 12. Rxd1 Bxc2 13. Rd2 Bb3 14. f4 Rad8 15. Kf2 Rxd2+ 16. Bxd2 Nd4 17. Bd3 Nec6 18. Be3 Rd8 19. Be4 Bc2 20. Rc1 Bxe4 21. Nxe4 Ne6 22. Rc3 Kf8 23. b4 Rd5 24. Nc5 Nxc5 25. Bxc5+ Ke8 26. b5 Nd4 27. a4 Ne6 28. Be3 Kd7 29. Kf3 a6 30. Ke4 Rd1 31. f5 Nd8 32. bxa6 bxa6 33. Rc5 Nb7 34. Rc4 Rh1 35. Rb4 Kc6 36. g4 Nc5+ 37. Kf3 Nxa4 38. e6 fxe6 39. fxe6 Kd6 40. Re4 Ke7 41. Bg5+ Ke8 42. Rd4 1-0